Liedtext Quiz - Ich will keinen Mann von Hercules - Statistiken

Allgemein
  • Dieses Quiz wurde 116 mal gespielt
  • Das Durchschnittsergebnis liegt bei 168 aus 211
Antwortstatistiken
Antworten % Korrekt
Mann
100%
du
98%
Du
98%
ich
98%
Ich
98%
Kein
98%
keine
98%
keinen
98%
will
98%
Die
95%
die
95%
da
93%
Das
93%
das
93%
der
93%
er
93%
nein,
93%
nicht
93%
so
93%
So
93%
es
91%
Es
91%
für
91%
in
88%
nur
88%
Sei
88%
auf
86%
doch
86%
ein,
86%
einen
86%
Einen
86%
im
86%
Liebe:
86%
mir
86%
mir,
86%
nie
86%
von
86%
den
84%
Gib
84%
kann
84%
mich
84%
willst
84%
Willst
84%
zu,
84%
hab
81%
ist
81%
Leben,
81%
mal
81%
Männer
81%
Was
81%
gäb
79%
mehr
79%
Oh
79%
oh,
79%
oh
79%
Und
79%
und
79%
gehen
77%
gibt
77%
na
77%
noch
77%
sein,
77%
Wenn
77%
allein
74%
allein,
74%
bist
74%
dich
74%
hinter
74%
ihn
74%
ja
74%
ja,
74%
Mach
74%
muss
74%
niemals,
74%
Würd
74%
Kerl
72%
Nerven
72%
soll
72%
werd
72%
ihm
70%
Kante
70%
Preis
70%
Sag,
70%
sag,
70%
sag
70%
stoßen?
70%
uns
70%
außer
67%
Dummheit
67%
Ganze
67%
gewinnen
67%
Hallo
67%
vergessen
67%
verschossen
67%
deine
65%
Sieh's
65%
spinnen
65%
garantiert
63%
Hammer
63%
schon
63%
bereuen
60%
bitter
60%
endlich
60%
erschrecken
60%
fein,
60%
gegessen
60%
Herren
60%
heulen
60%
ich's
60%
Sonst
60%
verstecken?
60%
Wolken,
60%
alles
58%
Gejammer?
58%
jetzt
58%
schwebst
58%
bekommst
56%
erwachsen
56%
Faxen,
56%
keinen
56%
Mädchen
56%
nächtelang
56%
sehen,
56%
tut
56%
weh,
56%
wirst
56%
Lasst
51%
Liebeskram,
51%
Meinung
51%
verneinen
47%
Ändre
40%
spinnst,
40%
still,
19%
Keine übereinstimmenden Quizze gefunden
Verteilung der Resultate
Anzahl Personen mit jedem Resultat
Perzentil nach korrekt beantworteten Fragen
Ihre Resultats-Entwicklung
Sie haben dieses Quiz noch nicht gespielt